[Event "Sivas op 1st"]
[Site "Sivas"]
[Date "2019.08.23"]
[Round "8"]
[White "Sabahi, Ali Can"]
[Black "Can, Ilhan"]
[Result "1-0"]
[WhiteElo "1825"]
[BlackElo "1683"]
[PlyCount "121"]
[EventDate "2019.08.19"]
[EventType "swiss"]
[EventRounds "9"]
[EventCountry "TUR"]
[SourceTitle "EXT 2020"]
[Source "ChessBase"]
[SourceDate "2019.10.17"]
[SourceVersion "1"]
[SourceVersionDate "2019.10.17"]
[SourceQuality "1"]

1. d4 d6 2. e4 Nf6 3. Nc3 g6 4. Be3 Bg7 5. f3 c6 6. Qd2 h6 7. Nge2 Nbd7 8. h3 Qa5 9. Nc1 h5 10. Bd3 h4 11. Nb3 Qc7 12. Bg5 a6 13. Qf2 c5 14. dxc5 dxc5 15. Nd2 Qg3 16. Qxg3 hxg3 17. 0-0-0 Bh6 18. Bxh6 Rxh6 19. Nf1 Nh5 20. Ne2 c4 21. Bxc4 Ne5 22. Bb3 Nxf3 23. Nfxg3 Nxg3 24. Nxg3 Ne5 25. Rhf1 f6 26. Bd5 g5 27. Rd4 a5 28. Nf5 Rh7 29. Rfd1 Kf8 30. Bb3 Bxf5 31. Rd8+ Rxd8 32. Rxd8+ Kg7 33. Rg8+ Kh6 34. exf5 g4 35. hxg4 Rg7 36. Rxg7 Kxg7 37. Bd5 b6 38. Bf3 Kh6 39. Kd2 Kg5 40. Ke3 Nc4+ 41. Kd4 Nxb2 42. Kd5 Na4 43. Kc6 Kf4 44. Kb5 Nc3+ 45. Kxb6 a4 46. Ka5 Ke3 47. a3 Kd2 48. Bc6 Kxc2 49. Bxa4+ Kb2 50. Kb4 Nd5+ 51. Kc5 Ne3 52. Bc6 Kxa3 53. Bf3 Kb3 54. Kd4 Nf1 55. Kd5 Kc3 56. Ke6 Kd4 57. Kxe7 Ke5 58. g5 fxg5 59. f6 Ng3 60. f7 Nf5+ 61. Kd7 1-0

[Event "Sivas op 1st"]
[Site "Sivas"]
[Date "2019.08.20"]
[Round "3"]
[White "Can, Ilhan"]
[Black "Khvadagiani, Nika"]
[Result "0-1"]
[WhiteElo "1683"]
[BlackElo "1880"]
[PlyCount "96"]
[EventDate "2019.08.19"]
[EventType "swiss"]
[EventRounds "9"]
[EventCountry "TUR"]
[SourceTitle "EXT 2020"]
[Source "ChessBase"]
[SourceDate "2019.10.17"]
[SourceVersion "1"]
[SourceVersionDate "2019.10.17"]
[SourceQuality "1"]

1. e4 c5 2. Nf3 Nc6 3. Bb5 g6 4. 0-0 Bg7 5. d3 e5 6. Be3 Nd4 7. Bc4 d6 8. c3 Ne6 9. d4 cxd4 10. cxd4 Ne7 11. Bb5+ Bd7 12. Bxd7+ Qxd7 13. dxe5 dxe5 14. Qxd7+ Kxd7 15. Rd1+ Kc7 16. Na3 a6 17. Nc4 Nd4 18. Ncxe5 Nxf3+ 19. Nxf3 Rad8 20. Bf4+ Kc8 21. Ne5 Bxe5 22. Bxe5 Rhe8 23. Bf6 Rxd1+ 24. Rxd1 Ng8 25. Bg5 Rxe4 26. f3 Re8 27. Kf2 f6 28. Bf4 Re6 29. Rc1+ Kd8 30. a4 Ne7 31. Rd1+ Kc8 32. b4 b5 33. axb5 axb5 34. Rc1+ Rc6 35. Rxc6+ Nxc6 36. Bd2 Kd7 37. Ke3 Ke6 38. Kd3 Kd5 39. Kc3 h5 40. h4 Ke5 41. Kd3 f5 42. Bc3+ Kf4 43. Be1 g5 44. Bd2+ Kg3 45. hxg5 Kxg2 46. Ke3 h4 47. g6 Ne7 48. g7 h3 0-1

[Event "Istanbul op-B"]
[Site "Istanbul"]
[Date "2018.09.07"]
[Round "8"]
[White "Can, Ilhan"]
[Black "Ersoy, Emre"]
[Result "1-0"]
[WhiteElo "1771"]
[BlackElo "1557"]
[PlyCount "79"]
[EventDate "2018.09.02"]
[EventType "swiss"]
[EventRounds "9"]
[EventCountry "TUR"]
[SourceTitle "CBM 186 Extra"]
[Source "ChessBase"]
[SourceDate "2018.08.24"]
[SourceVersion "1"]
[SourceVersionDate "2018.08.24"]
[SourceQuality "1"]

1. Nf3 e6 2. g3 Nf6 3. Bg2 b6 4. 0-0 Bb7 5. c4 c5 6. Nc3 a6 7. h3 Qc7 8. d3 Nc6 9. e4 d6 10. Be3 Be7 11. Rc1 0-0 12. Qd2 Nd7 13. d4 cxd4 14. Nxd4 Nxd4 15. Bxd4 Rac8 16. b3 Bf6 17. Be3 Rfd8 18. f3 d5 19. exd5 Qxg3 20. Ne4 Qg6 21. Nd6 Rc7 22. Nxb7 Rxb7 23. dxe6 fxe6 24. Qc2 Qg3 25. Qf2 Qb8 26. f4 Rc7 27. f5 e5 28. Bd5+ Kh8 29. Rcd1 Nc5 30. b4 Na4 31. Qc2 b5 32. c5 Rcd7 33. Be6 Rxd1 34. Rxd1 Rxd1+ 35. Qxd1 e4 36. Qd6 Be5 37. Qxb8+ Bxb8 38. Bd4 Bf4 39. f6 Bh6 40. f7 1-0

[Event "TUR-chT2"]
[Site "Konya"]
[Date "2017.07.15"]
[Round "9.7"]
[White "Taskaya, Fesih"]
[Black "Can, Ilhan"]
[Result "0-1"]
[WhiteElo "1649"]
[BlackElo "1733"]
[PlyCount "26"]
[EventDate "2017.07.09"]
[EventType "team-swiss"]
[EventRounds "9"]
[EventCountry "TUR"]
[SourceTitle "CBM 179 Extra"]
[Source "ChessBase"]
[SourceDate "2017.08.23"]
[SourceVersion "1"]
[SourceVersionDate "2017.08.23"]
[SourceQuality "1"]
[WhiteTeam "Onay"]
[BlackTeam "Genclik Merkezi Genc"]
[WhiteTeamCountry "TUR"]
[BlackTeamCountry "TUR"]

1. e4 c5 2. d4 cxd4 3. c3 d3 4. Bxd3 Nc6 5. Nf3 Qc7 6. 0-0 Nf6 7. Na3 a6 8. Be3 Ng4 9. Bg5 e6 10. h3 h5 11. Bh4 Bc5 12. hxg4 hxg4 13. Bg3 Qxg3 0-1

[Event "TUR-chT2"]
[Site "Konya"]
[Date "2017.07.12"]
[Round "5.8"]
[White "Kacmaz, Sait"]
[Black "Can, Ilhan"]
[Result "0-1"]
[WhiteElo "1717"]
[BlackElo "1733"]
[PlyCount "42"]
[EventDate "2017.07.09"]
[EventType "team-swiss"]
[EventRounds "9"]
[EventCountry "TUR"]
[SourceTitle "CBM 179 Extra"]
[Source "ChessBase"]
[SourceDate "2017.08.23"]
[SourceVersion "1"]
[SourceVersionDate "2017.08.23"]
[SourceQuality "1"]
[WhiteTeam "Mezopotamya"]
[BlackTeam "Genclik Merkezi Genc"]
[WhiteTeamCountry "TUR"]
[BlackTeamCountry "TUR"]

1. e4 c5 2. Nf3 e6 3. d4 cxd4 4. Nxd4 Qb6 5. Nb3 Nc6 6. Be3 Qc7 7. Nc3 a6 8. a3 Nf6 9. Qd2 b5 10. Be2 b4 11. axb4 Bxb4 12. f3 d5 13. Nc5 0-0 14. exd5 exd5 15. 0-0 d4 16. Bxd4 Nxd4 17. Nxa6 Nxe2+ 18. Nxe2 Qb6+ 19. Qd4 Rxa6 20. Rxa6 Qxd4+ 21. Nxd4 Bxa6 0-1

[Event "TUR-chT2"]
[Site "Konya"]
[Date "2017.07.11"]
[Round "4.7"]
[White "Can, Ilhan"]
[Black "Yapici, Mustafa"]
[Result "1-0"]
[WhiteElo "1733"]
[BlackElo "1762"]
[PlyCount "49"]
[EventDate "2017.07.09"]
[EventType "team-swiss"]
[EventRounds "9"]
[EventCountry "TUR"]
[SourceTitle "CBM 179 Extra"]
[Source "ChessBase"]
[SourceDate "2017.08.23"]
[SourceVersion "1"]
[SourceVersionDate "2017.08.23"]
[SourceQuality "1"]
[WhiteTeam "Genclik Merkezi Genc"]
[BlackTeam "Dobruca"]
[WhiteTeamCountry "TUR"]
[BlackTeamCountry "TUR"]

1. e4 Nf6 2. d3 e5 3. f4 Nc6 4. Nf3 d6 5. Be2 Be7 6. 0-0 Bg4 7. c3 0-0 8. Nbd2 Re8 9. fxe5 dxe5 10. Nc4 Bc5+ 11. Kh1 Qe7 12. Bg5 Qe6 13. Bxf6 gxf6 14. Nh4 Bxe2 15. Qxe2 Kh8 16. Nf5 Rg8 17. Rf3 Rg5 18. b4 Bb6 19. Raf1 Rg6 20. Rh3 Ne7 21. Qh5 h6 22. Nxh6 Kg7 23. Nf5+ Kf8 24. Qh8+ Rg8 25. Qh6+ 1-0

[Event "Ordu op-B 3rd"]
[Site "Ordu"]
[Date "2017.04.08"]
[Round "6"]
[White "Kuseyri, Mehmet Ali"]
[Black "Can, Ilhan"]
[Result "1/2-1/2"]
[WhiteElo "2019"]
[BlackElo "1789"]
[PlyCount "50"]
[EventDate "2017.04.06"]
[EventType "swiss"]
[EventRounds "7"]
[EventCountry "TUR"]
[SourceTitle "EXT 2018"]
[Source "ChessBase"]
[SourceDate "2017.10.13"]
[SourceVersion "1"]
[SourceVersionDate "2017.10.13"]
[SourceQuality "1"]

1. d4 Nf6 2. c4 e6 3. Nf3 Bb4+ 4. Bd2 Be7 5. Nc3 d5 6. Bf4 c6 7. e3 0-0 8. h3 Nbd7 9. Rc1 dxc4 10. Bxc4 Nb6 11. Bd3 Nbd5 12. Bh2 Nxc3 13. bxc3 Re8 14. e4 g6 15. 0-0 b5 16. Ne5 Bb7 17. f4 a6 18. Qe2 c5 19. Qe3 Qb6 20. f5 cxd4 21. cxd4 exf5 22. exf5 Rad8 23. fxg6 hxg6 24. Nf3 Ba3 25. Ne5 Bxc1 1/2-1/2

[Event "Small Paris-ch"]
[Site "Paris"]
[Date "2015.07.12"]
[Round "7"]
[White "Can, Ilhan"]
[Black "Vlachos, Anatole"]
[Result "1-0"]
[WhiteElo "1854"]
[BlackElo "2028"]
[PlyCount "103"]
[EventDate "2015.07.06"]
[EventType "swiss"]
[EventRounds "7"]
[EventCountry "FRA"]
[SourceTitle "EXT 2016"]
[Source "ChessBase"]
[SourceDate "2015.10.08"]
[SourceVersion "1"]
[SourceVersionDate "2015.10.08"]
[SourceQuality "1"]

1. e4 c5 2. Nf3 d6 3. d4 cxd4 4. Nxd4 Nf6 5. Nc3 a6 6. Bg5 Bd7 7. Bxf6 gxf6 8. Qh5 e6 9. 0-0-0 b5 10. f4 Qc8 11. f5 e5 12. Nb3 Bc6 13. Na5 Nd7 14. Nxc6 Qxc6 15. Nd5 Rc8 16. Rd2 h6 17. Be2 Rg8 18. Bf3 Rg5 19. Qh4 a5 20. Kb1 b4 21. Rc1 Qb7 22. c3 bxc3 23. Rxc3 Rxc3 24. Nxc3 Nb6 25. Be2 h5 26. Qf2 Be7 27. Nd5 Nxd5 28. Rxd5 Kf8 29. h4 Rg7 30. Bxh5 a4 31. Bf3 Kg8 32. Ra5 Qb4 33. Ra8+ Kh7 34. a3 Qb5 35. Qc2 d5 36. Qxa4 Qf1+ 37. Ka2 dxe4 38. Qxe4 Bc5 39. Rc8 Bd4 40. Qa8 Rg8 41. Rxg8 Qc4+ 42. Kb1 Qd3+ 43. Ka1 Bxb2+ 44. Kxb2 Qd2+ 45. Kb3 Qd3+ 46. Kb4 Qd4+ 47. Kb5 Qd3+ 48. Kc6 Qc4+ 49. Kd6 Qd4+ 50. Bd5 Qb6+ 51. Bc6 Qd4+ 52. Kc7 1-0

[Event "Small Paris-ch"]
[Site "Paris"]
[Date "2015.07.08"]
[Round "3"]
[White "Can, Ilhan"]
[Black "Deloire, Philippe"]
[Result "1-0"]
[WhiteElo "1854"]
[BlackElo "1809"]
[PlyCount "59"]
[EventDate "2015.07.06"]
[EventType "swiss"]
[EventRounds "7"]
[EventCountry "FRA"]
[SourceTitle "EXT 2016"]
[Source "ChessBase"]
[SourceDate "2015.10.08"]
[SourceVersion "1"]
[SourceVersionDate "2015.10.08"]
[SourceQuality "1"]

1. e4 d6 2. d4 Nf6 3. Nc3 g6 4. f4 Bg7 5. Nf3 0-0 6. Bd3 c6 7. 0-0 b5 8. e5 Ng4 9. h3 Nh6 10. Be3 b4 11. Ne2 Bf5 12. g4 Bxg4 13. hxg4 Nxg4 14. Bf2 Nd7 15. Nh2 f5 16. Nxg4 fxg4 17. Be3 c5 18. c3 Nb6 19. dxc5 dxc5 20. Bxc5 bxc3 21. bxc3 Rc8 22. Bd4 e6 23. Qe1 Nc4 24. Bxc4 Rxc4 25. Qg3 h5 26. Qd3 Rc7 27. Qxg6 Qe8 28. Qxe8 Rxe8 29. f5 exf5 30. Rxf5 1-0

[Event "World Amateur-ch"]
[Site "Antalya"]
[Date "2011.10.02"]
[Round "2"]
[White "Can, Ilhan"]
[Black "Oney, Riza"]
[Result "1-0"]
[WhiteElo "1997"]
[BlackElo "1919"]
[PlyCount "111"]
[EventDate "2011.10.01"]
[EventType "swiss"]
[EventRounds "9"]
[EventCountry "TUR"]
[SourceTitle "CBM 144 Extra"]
[Source "ChessBase"]
[SourceDate "2011.10.28"]
[SourceVersion "1"]
[SourceVersionDate "2011.10.28"]
[SourceQuality "1"]

1. e4 c5 2. Nf3 Nc6 3. Bb5 Na5 4. 0-0 a6 5. Be2 Nc6 6. c3 d5 7. e5 d4 8. d3 e6 9. Nbd2 Nge7 10. Nc4 Nd5 11. cxd4 b5 12. Bg5 f6 13. exf6 gxf6 14. Nce5 Nce7 15. Bh4 Nf5 16. Bg3 Bb7 17. dxc5 Nxg3 18. hxg3 fxe5 19. Nxe5 Qf6 20. Bh5+ Ke7 21. Re1 Bg7 22. c6 Bc8 23. Qc1 Qxe5 24. Rxe5 Bxe5 25. Qc5+ Kf6 26. d4 Bc7 27. Qc1 h6 28. Qd1 Rf8 29. Qg4 Bd6 30. Re1 Ke7 31. Qg7+ Kd8 32. Bf3 Nc7 33. Qxh6 Ra7 34. g4 Ne8 35. Qg5+ Rf6 36. Qh4 Rg7 37. Be4 Be7 38. g5 Rf8 39. f4 Nd6 40. Bd3 Nf5 41. Qf2 Bd6 42. Rf1 Bc7 43. d5 exd5 44. Qc5 Bd6 45. Qxd5 Kc7 46. g4 Ne7 47. Qd4 Rgg8 48. Qa7+ Kd8 49. Qb6+ Bc7 50. Qd4+ Ke8 51. Bh7 Bxg4 52. Bxg8 Rxg8 53. Re1 Rg6 54. Qh8+ Kf7 55. Qh7+ Rg7 56. Rxe7+ 1-0

[Event "TUR-ch"]
[Site "Kemer"]
[Date "2011.02.06"]
[Round "2"]
[White "Can, Ilhan"]
[Black "Gulten, Erman"]
[Result "1-0"]
[WhiteElo "1953"]
[BlackElo "1849"]
[PlyCount "51"]
[EventDate "2011.02.05"]
[EventType "swiss"]
[EventRounds "10"]
[EventCountry "TUR"]
[SourceTitle "CBM 140 Extra"]
[Source "ChessBase"]
[SourceDate "2011.03.01"]
[SourceVersion "1"]
[SourceVersionDate "2011.03.01"]
[SourceQuality "1"]

1. e4 e6 2. d4 d5 3. Nd2 dxe4 4. Nxe4 Nd7 5. Nf3 Ngf6 6. Bd3 Nxe4 7. Bxe4 Nf6 8. Bd3 Be7 9. Qe2 0-0 10. Bd2 c5 11. dxc5 Bxc5 12. Ne5 Qc7 13. 0-0-0 Rd8 14. g4 Rd5 15. f4 Nd7 16. Rde1 g6 17. Nxf7 Rxd3 18. Nh6+ Kg7 19. Qxd3 Kxh6 20. f5+ Kg7 21. fxe6 Nf8 22. Bc3+ Kg8 23. e7 Bxe7 24. Qd5+ Ne6 25. Rxe6 Bg5+ 26. Re3+ 1-0

[Event "TUR-ch"]
[Site "Kemer"]
[Date "2011.02.05"]
[Round "1"]
[White "Karatekin, Tamer"]
[Black "Can, Ilhan"]
[Result "1-0"]
[WhiteElo "2268"]
[BlackElo "1953"]
[PlyCount "45"]
[EventDate "2011.02.05"]
[EventType "swiss"]
[EventRounds "10"]
[EventCountry "TUR"]
[SourceTitle "CBM 140 Extra"]
[Source "ChessBase"]
[SourceDate "2011.03.01"]
[SourceVersion "1"]
[SourceVersionDate "2011.03.01"]
[SourceQuality "1"]

1. e4 c5 2. Nf3 e6 3. d3 Nc6 4. g3 d5 5. Nbd2 Nf6 6. Bg2 Be7 7. 0-0 0-0 8. Re1 Qc7 9. e5 Nd7 10. Qe2 b6 11. Nf1 Ba6 12. Bf4 Rac8 13. c3 b5 14. h4 Nb6 15. Rac1 b4 16. c4 dxc4 17. dxc4 Rfd8 18. N1d2 Rd7 19. Ne4 Rcd8 20. Nf6+ gxf6 21. exf6 Bd6 22. Ng5 h6 23. Qh5 1-0

[Event "Internet Section 10A g/8'+2\""]
[Site "Dos Hermanas"]
[Date "2004.03.10"]
[Round "3"]
[White "Moskow, Eric"]
[Black "Can, Ilhan"]
[Result "1-0"]
[WhiteElo "2200"]
[BlackElo "2018"]
[PlyCount "47"]
[EventDate "2004.03.10"]
[EventType "swiss (blitz)"]
[EventRounds "9"]
[EventCountry "ESP"]
[SourceTitle "EXT 2005"]
[Source "ChessBase"]
[SourceDate "2004.11.15"]
[SourceVersion "1"]
[SourceVersionDate "2004.11.15"]
[SourceQuality "1"]

1. d4 Nf6 2. Nf3 e6 3. e3 b6 4. Bd3 Bb7 5. b3 d6 6. Bb2 Be7 7. 0-0 0-0 8. c4 Ne4 9. Nc3 f5 10. Qc2 Nxc3 11. Bxc3 Nd7 12. e4 fxe4 13. Bxe4 c6 14. Bxh7+ Kh8 15. Bd3 Nf6 16. Rfe1 Qd7 17. Qe2 e5 18. dxe5 Ng4 19. Qe4 Kg8 20. e6 Nf6 21. Bxf6 Rxf6 22. exd7 Bf8 23. Qh7+ Kf7 24. Ng5# 1-0

[Event "Internet Section 09A g/8'+2\""]
[Site "Dos Hermanas"]
[Date "2004.03.09"]
[Round "3"]
[White "Can, Ilhan"]
[Black "Frey Perez, Hugo"]
[Result "0-1"]
[WhiteElo "2018"]
[BlackElo "2346"]
[PlyCount "142"]
[EventDate "2004.03.09"]
[EventType "swiss (blitz)"]
[EventRounds "9"]
[EventCountry "ESP"]
[SourceTitle "CBM 099 Extra"]
[Source "ChessBase"]
[SourceDate "2004.05.04"]
[SourceVersion "1"]
[SourceVersionDate "2004.05.04"]
[SourceQuality "1"]

1. e4 c5 2. Nf3 Nc6 3. Bb5 d6 4. 0-0 Bd7 5. Re1 a6 6. Bf1 e5 7. c3 Nf6 8. h3 Be7 9. d4 0-0 10. Be3 b6 11. Nbd2 Qc7 12. a4 Rfe8 13. d5 Na7 14. Nh2 b5 15. Ng4 Nxg4 16. hxg4 Reb8 17. a5 Qd8 18. Qf3 Bg5 19. g3 Nc8 20. Bh3 h6 21. Qg2 Qf6 22. Rf1 Bxe3 23. fxe3 Qg5 24. Qf2 f6 25. Nf3 Qg6 26. Nh4 Qxe4 27. Nf5 Bxf5 28. gxf5 Ne7 29. Bg2 Qg4 30. Kh2 b4 31. Bh3 Qh5 32. g4 Qe8 33. c4 b3 34. Rfc1 Rb4 35. Rc3 Rab8 36. Ra3 g6 37. e4 g5 38. Qe2 Kg7 39. Qd1 R8b7 40. Raxb3 Qb8 41. Rxb4 Rxb4 42. b3 Qd8 43. Qa1 Qe8 44. Bf1 h5 45. gxh5 Qxh5+ 46. Rh3 Qg4 47. Qe1 Ng8 48. Qe2 Nh6 49. Rg3 Qh4+ 50. Rh3 Qf4+ 51. Kg1 Ng4 52. Qg2 Rb8 53. Be2 Qc1+ 54. Bf1 Qf4 55. Rf3 Qxe4 56. Qh3 Rh8 57. Qg3 Qd4+ 58. Kg2 Rh2+ 59. Qxh2 Nxh2 60. Kxh2 g4 61. Rg3 Qf2+ 62. Bg2 Qf4 63. Bf1 Kh6 64. Bg2 Kg5 65. Bh1 Kh4 66. Bg2 Qxg3+ 67. Kh1 Qxb3 68. Kh2 Qxc4 69. Kh1 Kg3 70. Bf3 Qc1+ 71. Bd1 Qxd1# 0-1

[Event "Internet Section 08A g/8'+2\""]
[Site "Dos Hermanas"]
[Date "2004.03.08"]
[Round "8"]
[White "Can, Ilhan"]
[Black "Lemos, Damian"]
[Result "0-1"]
[WhiteElo "2018"]
[BlackElo "2218"]
[PlyCount "62"]
[EventDate "2004.03.08"]
[EventType "swiss (blitz)"]
[EventRounds "9"]
[EventCountry "ESP"]
[SourceTitle "CBM 099 Extra"]
[Source "ChessBase"]
[SourceDate "2004.05.04"]
[SourceVersion "1"]
[SourceVersionDate "2004.05.04"]
[SourceQuality "1"]

1. e4 e6 2. d4 d5 3. Nd2 Nc6 4. Bb5 Bd7 5. Ngf3 Be7 6. 0-0 Nf6 7. e5 Ne4 8. Re1 Nxd2 9. Bxd2 Nxe5 10. Bf1 Nxf3+ 11. Qxf3 0-0 12. Bd3 Bf6 13. c3 Rc8 14. Qh3 g6 15. Bh6 Re8 16. Qg3 b6 17. Re3 c5 18. dxc5 bxc5 19. Rae1 e5 20. Ba6 Rb8 21. Rxe5 Rxe5 22. Rxe5 Qb6 23. Rxd5 Re8 24. Rxd7 Qxa6 25. Be3 Qxa2 26. h4 Qa4 27. Qc7 Qa1+ 28. Kh2 Be5+ 29. Bf4 Bxc7 30. Bxc7 Qa4 31. g3 Qxd7 0-1

[Event "Internet Section 08A g/8'+2\""]
[Site "Dos Hermanas"]
[Date "2004.03.08"]
[Round "1"]
[White "Deviatkin, Andrei"]
[Black "Can, Ilhan"]
[Result "1-0"]
[WhiteElo "2509"]
[BlackElo "2018"]
[PlyCount "101"]
[EventDate "2004.03.08"]
[EventType "swiss (blitz)"]
[EventRounds "9"]
[EventCountry "ESP"]
[SourceTitle "CBM 099 Extra"]
[Source "ChessBase"]
[SourceDate "2004.05.04"]
[SourceVersion "1"]
[SourceVersionDate "2004.05.04"]
[SourceQuality "1"]

1. e4 c5 2. c3 d5 3. exd5 Qxd5 4. d4 Nf6 5. Nf3 Bg4 6. dxc5 Bxf3 7. Qxf3 Qxf3 8. gxf3 a5 9. Bb5+ Nc6 10. c4 e6 11. Be3 Nd7 12. Nc3 Bxc5 13. 0-0-0 Bxe3+ 14. fxe3 Rd8 15. Kc2 0-0 16. f4 Nf6 17. Bxc6 bxc6 18. h3 Rd7 19. Rxd7 Nxd7 20. Rd1 Nf6 21. Rd6 Rc8 22. e4 Kf8 23. e5 Ke7 24. Ne2 Ne4 25. Rd4 Nc5 26. b3 Rd8 27. Kc3 f5 28. exf6+ gxf6 29. Rxd8 Kxd8 30. a3 Ne4+ 31. Kd4 Nf2 32. h4 Kc7 33. b4 axb4 34. axb4 Ng4 35. Ng3 e5+ 36. fxe5 Nxe5 37. h5 Nf3+ 38. Ke4 Nh4 39. Nf5 Ng2 40. Ng7 Kd7 41. b5 cxb5 42. cxb5 Kc7 43. Ne8+ Kb6 44. Nxf6 Kxb5 45. Nxh7 Kc6 46. Nf8 Kd6 47. h6 Ke7 48. h7 Kxf8 49. h8Q+ Kf7 50. Qb2 Nh4 51. Qf2+ 1-0

[Event "Internet Section 07A g/8'+2\""]
[Site "Dos Hermanas"]
[Date "2004.03.07"]
[Round "6"]
[White "Milanovic, Vojislav"]
[Black "Can, Ilhan"]
[Result "1-0"]
[WhiteElo "2300"]
[BlackElo "2018"]
[PlyCount "103"]
[EventDate "2004.03.07"]
[EventType "swiss (blitz)"]
[EventRounds "9"]
[EventCountry "ESP"]
[SourceTitle "CBM 099 Extra"]
[Source "ChessBase"]
[SourceDate "2004.05.04"]
[SourceVersion "1"]
[SourceVersionDate "2004.05.04"]
[SourceQuality "1"]

1. e4 c5 2. Nf3 e6 3. d3 Nc6 4. g3 Nge7 5. Bg2 g6 6. 0-0 Bg7 7. c3 0-0 8. Re1 d6 9. d4 cxd4 10. cxd4 e5 11. d5 Nb8 12. Nc3 a6 13. Bg5 h6 14. Be3 f5 15. a4 g5 16. exf5 Nxf5 17. a5 Nxe3 18. fxe3 Bg4 19. h3 Bh5 20. Ne4 Bg6 21. Nfd2 Qe7 22. Nc4 Bxe4 23. Bxe4 Nd7 24. b4 Nf6 25. Bf5 e4 26. Be6+ Kh8 27. Kg2 Nd7 28. Bxd7 Qxd7 29. Nb6 Qf5 30. Rf1 Qxf1+ 31. Qxf1 Rxf1 32. Rxf1 Rf8 33. Rc1 Rf3 34. Rc8+ Kh7 35. Nc4 Kg6 36. Rc7 Bc3 37. Rxb7 Kf6 38. Rb6 Be5 39. Nxe5 Kxe5 40. Rxa6 Rxe3 41. Rb6 Ra3 42. a6 Kd4 43. b5 e3 44. Rxd6 Ra2+ 45. Kf1 e2+ 46. Kf2 Kd3 47. Re6 h5 48. d6 Rd2 49. a7 Ra2 50. b6 Kc4 51. Rxe2 Ra6 52. d7 1-0

[Event "Internet Section 06A g/8'+2\""]
[Site "Dos Hermanas"]
[Date "2004.03.06"]
[Round "8"]
[White "Can, Ilhan"]
[Black "Bilic, Mario"]
[Result "0-1"]
[WhiteElo "2018"]
[BlackElo "2359"]
[PlyCount "112"]
[EventDate "2004.03.06"]
[EventType "swiss (blitz)"]
[EventRounds "9"]
[EventCountry "ESP"]
[SourceTitle "CBM 099 Extra"]
[Source "ChessBase"]
[SourceDate "2004.05.04"]
[SourceVersion "1"]
[SourceVersionDate "2004.05.04"]
[SourceQuality "1"]

1. e4 e5 2. Nf3 Nc6 3. Bb5 a6 4. Ba4 Nf6 5. Bxc6 dxc6 6. d3 Nd7 7. Nbd2 Bd6 8. Nc4 Qe7 9. Bd2 b6 10. Qe2 a5 11. Ne3 g6 12. Nc4 a4 13. Bg5 f6 14. Bd2 Nc5 15. h3 Be6 16. b3 axb3 17. cxb3 Nxb3 18. Rb1 Nxd2 19. Qxd2 0-0 20. 0-0 Ra6 21. Rb2 Rfa8 22. Nxd6 Qxd6 23. Ra1 c5 24. Nh2 Ra3 25. Ng4 Bxg4 26. hxg4 Rxd3 27. Qh6 Rd1+ 28. Rxd1 Qxd1+ 29. Kh2 Qxg4 30. Rd2 Qf4+ 31. Qxf4 exf4 32. Rd7 Rxa2 33. Rxc7 Rxf2 34. Rc6 Rb2 35. Rxf6 g5 36. e5 b5 37. e6 Re2 38. Rf5 h6 39. Rxc5 Rxe6 40. Rxb5 Kg7 41. Kh3 Kg6 42. Kg4 h5+ 43. Kf3 Re3+ 44. Kf2 h4 45. Rc5 Kh5 46. Rc8 Kg4 47. Rf8 Ra3 48. Rh8 Ra2+ 49. Kf1 Kg3 50. Rg8 g4 51. Rf8 Rf2+ 52. Ke1 Kxg2 53. Rg8 g3 54. Rg4 h3 55. Rh4 h2 56. Rh5 h1Q+ 0-1

[Event "Internet Section 06A g/8'+2\""]
[Site "Dos Hermanas"]
[Date "2004.03.06"]
[Round "1"]
[White "Can, Ilhan"]
[Black "Stark, Lars"]
[Result "0-1"]
[WhiteElo "2018"]
[BlackElo "2229"]
[PlyCount "62"]
[EventDate "2004.03.06"]
[EventType "swiss (blitz)"]
[EventRounds "9"]
[EventCountry "ESP"]
[SourceTitle "CBM 099 Extra"]
[Source "ChessBase"]
[SourceDate "2004.05.04"]
[SourceVersion "1"]
[SourceVersionDate "2004.05.04"]
[SourceQuality "1"]

1. e4 e6 2. d4 d5 3. Nd2 Nc6 4. Ngf3 Nf6 5. e5 Nd7 6. c3 f6 7. exf6 Qxf6 8. Bb5 Bd6 9. Nf1 e5 10. dxe5 Ncxe5 11. Nxe5 Qxe5+ 12. Be3 0-0 13. Ng3 Nf6 14. 0-0 d4 15. Bc4+ Kh8 16. Bxd4 Qf4 17. Be2 Qh4 18. Bf3 Ng4 19. Bxg4 Bxg4 20. f3 Bd7 21. Bf2 Bc6 22. Re1 Rf7 23. Nf1 Qh5 24. Qd4 Rxf3 25. Ng3 Qf7 26. gxf3 Qxf3 27. Re4 Bxg3 28. hxg3 Bxe4 29. Kf1 Rf8 30. Re1 Bc6 31. Re3 Qxf2# 0-1

[Event "Internet Section 06B g/8'+2\""]
[Site "Dos Hermanas"]
[Date "2004.03.06"]
[Round "3"]
[White "Can, Ilhan"]
[Black "Wang, Yu A"]
[Result "1-0"]
[WhiteElo "2018"]
[BlackElo "2357"]
[PlyCount "95"]
[EventDate "2004.03.06"]
[EventType "swiss (blitz)"]
[EventRounds "9"]
[EventCountry "ESP"]
[SourceTitle "CBM 099 Extra"]
[Source "ChessBase"]
[SourceDate "2004.05.04"]
[SourceVersion "1"]
[SourceVersionDate "2004.05.04"]
[SourceQuality "1"]

1. e4 e5 2. Nf3 Nf6 3. d4 Nxe4 4. Bd3 d5 5. Nxe5 Nd7 6. Nxd7 Bxd7 7. Qh5 Qf6 8. 0-0 0-0-0 9. Bxe4 dxe4 10. Bg5 Qf5 11. Qh4 f6 12. Be3 g5 13. Qh5 Bd6 14. Nd2 Be8 15. Qe2 h5 16. c4 h4 17. c5 Bh5 18. Qc4 Bf4 19. c6 Kb8 20. Qb4 b6 21. Qc4 Rhe8 22. a4 Qd5 23. Qc2 Be2 24. Rfc1 Bd3 25. Qc3 a5 26. b4 axb4 27. Qxb4 Re6 28. a5 Rxc6 29. axb6 Rxb6 30. Qa4 Qb7 31. Nc4 Rb4 32. Qa2 Bxc4 33. Rxc4 Rb2 34. Qa5 Bxe3 35. fxe3 h3 36. g3 Rg2+ 37. Kh1 Rxh2+ 38. Kxh2 Qb2+ 39. Kxh3 Rh8+ 40. Kg4 Qe2+ 41. Kf5 Qf3+ 42. Ke6 Qg4+ 43. Kd5 Qf5+ 44. Kc6 Qe6+ 45. Kb5 Qd5+ 46. Rc5 Qb3+ 47. Qb4 c6+ 48. Rxc6 1-0

[Event "Internet Section 06A g/8'+2\""]
[Site "Dos Hermanas"]
[Date "2004.03.06"]
[Round "2"]
[White "Jorgensen, Robert"]
[Black "Can, Ilhan"]
[Result "0-1"]
[WhiteElo "1423"]
[BlackElo "2018"]
[PlyCount "60"]
[EventDate "2004.03.06"]
[EventType "swiss (blitz)"]
[EventRounds "9"]
[EventCountry "ESP"]
[SourceTitle "CBM 099 Extra"]
[Source "ChessBase"]
[SourceDate "2004.05.04"]
[SourceVersion "1"]
[SourceVersionDate "2004.05.04"]
[SourceQuality "1"]

1. e4 c5 2. d3 Nc6 3. c4 d6 4. Nf3 g6 5. Nc3 Bg7 6. Bd2 Nf6 7. Be2 0-0 8. 0-0 a6 9. h3 Bd7 10. a3 Qc7 11. Rb1 Nd4 12. Nxd4 cxd4 13. Nd5 Nxd5 14. cxd5 Qd8 15. Qb3 Rb8 16. Rbc1 e5 17. f4 f5 18. Rc2 Bb5 19. Rcc1 fxe4 20. fxe5 Bxe5 21. a4 Bxd3 22. Bxd3 exd3 23. Qxd3 Qh4 24. Rf3 Rxf3 25. Qxf3 Rf8 26. Qg4 Qf2+ 27. Kh1 Qxd2 28. Qe6+ Kh8 29. Rg1 Qf4 30. g4 Qh2# 0-1